Many biomes, one earth / (Record no. 6475)

MARC details
000 -LEADER
fixed length control field 01402cam a2200325 a 4500
001 - CONTROL NUMBER
control field 6475
003 - CONTROL NUMBER IDENTIFIER
control field FISKH
005 - DATE AND TIME OF LATEST TRANSACTION
control field 20250506102350.0
008 - FIXED-LENGTH DATA ELEMENTS--GENERAL INFORMATION
fixed length control field 080527s2009 maua j 000 0 eng
010 ## - LIBRARY OF CONGRESS CONTROL NUMBER
LC control number 2008022713
020 ## - INTERNATIONAL STANDARD BOOK NUMBER
International Standard Book Number 9781570916328 (pbk.)
020 ## - INTERNATIONAL STANDARD BOOK NUMBER
International Standard Book Number 9781570916328
040 ## - CATALOGING SOURCE
Original cataloging agency DLC
Transcribing agency DLC
Modifying agency DLC
Language of cataloging eng
050 ## - LIBRARY OF CONGRESS CALL NUMBER
Classification number QH541 .C65
082 ## - DEWEY DECIMAL CLASSIFICATION NUMBER
Classification number 577
100 1# - MAIN ENTRY--PERSONAL NAME
Personal name Collard, Sneed B.
245 10 - TITLE STATEMENT
Title Many biomes, one earth /
Statement of responsibility, etc. Sneed B. Collard III ; illustrated by James M. Needham.
260 ## - PUBLICATION, DISTRIBUTION, ETC.
Place of publication, distribution, etc. Watertown :
Name of publisher, distributor, etc. Charlesbridge,
Date of publication, distribution, etc. 2008.
300 ## - PHYSICAL DESCRIPTION
Extent 32 unnumbered pages :
Other physical details color illustrations ;
Dimensions 22 x 28 cm.
500 ## - GENERAL NOTE
General note Rev. ed. of: Our natural homes. 1996.
505 ## - FORMATTED CONTENTS NOTE
Formatted contents note P<br/>
520 ## - SUMMARY, ETC.
Summary, etc. Discover earth's natural neighborhoods on a colorful trek through the twelve terrestrial biomes of North and South America. Travel from the icy tundra, where the polar bear makes its home, to the tropical rain forest, the natural home of more than thirty million kinds of insects. From mountains to prairies, rich, exquisite illustrations and fascinating facts present a detailed journey through earth's splendid natural homes.
521 8# - TARGET AUDIENCE NOTE
Target audience note 640<br/>
Source Lexile estimate<br/>
521 8# - TARGET AUDIENCE NOTE
Target audience note P<br/>
Source Raz-Plus
650 #0 - SUBJECT ADDED ENTRY--TOPICAL TERM
Topical term or geographic name entry element Habitat (Ecology)
Form subdivision Juvenile literature.
700 1# - ADDED ENTRY--PERSONAL NAME
Personal name Needham, James,
Relator term illustrator
906 ## - LOCAL DATA ELEMENT F, LDF (RLIN)
a 7
b cbc
c orignew
d 1
e ecip
f 20
g y-gencatlg
942 ## - ADDED ENTRY ELEMENTS (KOHA)
Source of classification or shelving scheme Dewey Decimal Classification
Koha item type Books
Suppress in OPAC No
Holdings
Withdrawn status Lost status Source of classification or shelving scheme Damaged status Not for loan Collection Home library Current library Shelving location Date acquired Total Checkouts Full call number Barcode Date last seen Copy number Price effective from Koha item type
    Dewey Decimal Classification     Non-Fiction Footprints International School Library Network Toul Kork Campus Footprints International School Library Network Toul Kork Campus TK Primary Library Room(4th Floor), Bookcase 3&4, Shelves 17-32, Yellow Books 05/06/2025   COL 577 QH541 .C65 FISTK02433 05/06/2025 1 05/06/2025 Books